Responses for show #7532 - Tuesday, May 16, 2017

2017 Teachers Tournament semifinal game 2.

Contestants

Eduardo Sevilla, an 8th through 12th grade math teacher from Vienna, Virginia

Susannah Nichols, a high school English teacher from Ferndale, Michigan

Nan Cohen, a high school English teacher from Van Nuys, California

Jeopardy! Round responses

HIDING IN PLAIN SIGHT
"GREEN" STUFF
COUNTIES OF CALIFORNIA
YOU'RE SO POSSESSIVE!
INFRASTRUCTURE
BEATLES SONG TITLE REVERSALS
    $200 9
a chameleon

Nan
    $200 20
the Green Berets

Susannah
    $200 26
Oakland

Nan
    $200 1
New Year's Eve

Susannah
    $200 6
(Susannah: What are highways?)

bridges

SusannahEduardo
    $200 10
"Yesterday"

Nan
    $400 12
an octopus

Eduardo
    $400 21
Green Bay

Eduardo
    $400 27
El Dorado

Triple Stumper
    $400 2
a mama's boy

Susannah
    $400 7
hub

Triple Stumper
    $400 11
"The Long And Winding Road"

Eduardo
    $600 13
a mantis

Susannah
    $600 22
Green Day

Susannah
    $600 28
Arizona

Nan
    $600 3
a sow's ear

Susannah
    $600 8
the water main

Eduardo
    $600 17
"Twist And Shout"

Nan
    $800 14
reef

Susannah
    $800 23
little green apples

Nan
    $800 29
1850

Triple Stumper
    $1,200 4
states' rights

Susannah
    $800 16
landfills

Nan
    $800 18
"Come Together"

Susannah
    $1000 15
a flounder

Eduardo
    $1000 24
Green Stamps

Nan
    $1000 30
(Nan: What is San Diego?)

San Bernardino

NanEduardo
    $1000 5
devil's advocate

Eduardo
    $1000 25
levees

Susannah
    $1000 19
(Susannah: What is "Here Comes The Sun"?)

"I'll Follow The Sun"

Susannah
Triple Stumper

Scores at the first commercial break (after clue 15):

Nan Susannah Eduardo
$400 $3,600 $3,600

Scores at the end of the Jeopardy! Round:

Nan Susannah Eduardo
$3,400 $5,200 $5,000

Double Jeopardy! Round responses

-ISMS & -OLOGIES
TV CAMPUS
ADVERBS
THEATRE
FILL IN THE ____
AWFUL WORLD LEADERS
    $400 15
Rastafarianism

Nan
    $400 10
Veronica Mars

Susannah
    $400 20
fashionably

Susannah
    $400 1
Sunset Boulevard

Eduardo
    $400 2
McHenry

Eduardo
    $400 26
Mussolini

Eduardo
    $5,600 16
entomology and etymology

Nan
    $800 11
Gilmore Girls

Susannah
    $800 21
(Eduardo: What is evenly?)

equally

NanEduardo
    $800 7
The Miracle Worker

Susannah
    $800 3
stables

Nan
    $800 27
Idi Amin

Nan
    $1200 17
(Susannah: What is stoicism?)

minimalism

Susannah
Triple Stumper
    $1200 12
McKinley

Susannah
    $1200 23
diagonally

Nan
    $1200 8
spelling bee

Eduardo
    $1200 4
a firmament

Susannah
    $1200 28
Romania

Susannah
    $1600 18
herpetology

Nan
    $1600 13
Tom Landry

Eduardo
    $1600 24
paradoxically

Susannah
    $2,000 9
Waiting for Godot

Eduardo
    $1600 5
Ohm

Eduardo
    $1600 29
Pol Pot

Nan
    $2000 19
(Nan: What is utilitarianism?)

pragmatism

Nan
Triple Stumper
    $2000 14
The Magicians

Nan
    $2000 25
reluctantly

Nan
    $2000 22
Sidney Poitier

Triple Stumper
    $2000 6
The Joy of Life

Triple Stumper
    $2000 30
(Susannah: Who is Duvalier?)

Trujillo

Susannah
Triple Stumper

Scores at the end of the Double Jeopardy! Round:

Nan Susannah Eduardo
$18,200 $9,600 $11,800

[wagering suggestions for these scores]

Final Jeopardy! Round responses

SCULPTURE
SusannahWhat is David
$3,000
EduardoWhat is David
$6,401
NanWhat is David?
$5,401
David

Final scores:

Nan Susannah Eduardo
$23,601 $12,600 $18,201
Finalist 3rd place 2nd place

Game dynamics:

Coryat scores:

Nan Susannah Eduardo
$13,400 $9,200 $11,400
18 R
(including 1 DD),
2 W
18 R
(including 1 DD),
4 W
15 R
(including 1 DD),
1 W

Combined Coryat: $34,000

The J! Archive is created by fans, for fans. The Jeopardy! game show and all elements thereof, including but not limited to copyright and trademark thereto, are the property of Jeopardy Productions, Inc. and are protected under law. This website is not affiliated with, sponsored by, or operated by Jeopardy Productions, Inc. Join the discussion at JBoard.tv.